| 000 | 00625nam a22001697a 4500 | ||
|---|---|---|---|
| 003 | MACL | ||
| 005 | 20160727122415.0 | ||
| 008 | 160727b xxu||||| |||| 00| 0 eng d | ||
| 040 | _cMACL | ||
| 041 | _aHindi | ||
| 082 | _a100 TRI | ||
| 100 |
_aत्रिपाठी, मधुसूदन _962584 |
||
| 245 |
_aमहात्मा गांधी का शिक्षा दर्शन _cमधुसूदन त्रिपाठी |
||
| 260 |
_aनई दिल्ली _bओमेगा पब्लिकेशन्स _c2014 |
||
| 650 |
_aदर्शन्ा _965457 |
||
| 942 |
_2ddc _cHIN |
||
| 999 |
_c55085 _d55085 |
||